Schwierige Hauptstädte - Statistiken

Allgemein
  • Dieses Quiz wurde 500 mal gespielt
    353 seit der letzten Aktualisierung
  • Das Durchschnittsergebnis liegt bei 26 aus 42
Antwortstatistiken
Hint Antwort % Korrekt
Moldawien Chișinău
87%
Kosovo Priština
87%
Ecuador Quito
87%
Angola Luanda
85%
Costa Rica San José
83%
Jordanien Amman
81%
Usbekistan Taschkent
78%
Oman Maskat
74%
Kasachstan Nur-Sultan
73%
Republik Kongo Brazzaville
72%
Uganda Kampala
72%
Kirgisistan Bischkek
71%
Jemen Sanaa
71%
Seychellen Victoria
69%
Bahrain Manama
68%
Haiti Port-au-Prince
68%
Kambodscha Phnom Penh
67%
Südsudan Juba
65%
Kap Verde Praia
65%
Bhutan Thimphu
63%
Sambia Lusaka
60%
Tschad N'djamena
59%
Montenegro Podgorica
58%
Fidschi Suva
58%
Komoren Moroni
56%
Mauretanien Nouakchott
55%
Kiribati South Tarawa
54%
Tuvalu Funafuti
51%
Antigua und Barbuda Saint John's
51%
Tansania Dodoma
50%
Samoa Apia
49%
Eritrea Asmara
49%
Mali Bamako
49%
Ruanda Kigali
49%
Kamerun Yaoundé
49%
Myanmar Naypyidaw
48%
Nauru Yaren
48%
Grenada Saint George's
45%
St. Kitts und Nevis Basseterre
42%
Mikronesien Palikir
42%
Burundi Gitega
41%
Bolivien Sucre oder La Paz
5%
Keine übereinstimmenden Quizze gefunden
Verteilung der Resultate
Anzahl Personen mit jedem Resultat
Perzentil nach korrekt beantworteten Fragen
Ihre Resultats-Entwicklung
Sie haben dieses Quiz seit der letzten Aktualisierung nicht gespielt